| 000 | 00939nam a22001817a 4500 | ||
|---|---|---|---|
| 999 |
_c61232 _d61232 |
||
| 005 | 20240109145500.0 | ||
| 008 | 240109s1989 ru ||||| |||| 00| 0 rus d | ||
| 041 | _arus | ||
| 080 | _a94(479.22)(091) O-23 | ||
| 245 |
_aОбращение Грузии / _c[АН СССР, Комис. по источникам истории Грузии]; Пер. с древнегруз. Е.С. Такайшвили; Ред. обраб., исслед. и коммент. М.С. Чхартишвили. |
||
| 264 |
_aТбилиси : _bМецниереба, _c1989. |
||
| 300 |
_a77 c.; _b22 см. |
||
| 653 | _aისტორია | ||
| 653 | _aქართული ისტორიული ლიტერატურის ძეგლები | ||
| 700 |
_a Такайшвили, Е.С. _eმთარგმნელი _920989 |
||
| 700 |
_aЧхартишвили, М.С. _eრედაქტორი _920990 |
||
| 942 |
_2udc _cᲬᲘᲒᲜᲘ |
||